Statistics for Top 10 Countries with Largest Christian Polulation

Click here to take the quiz!

General Stats

  • This quiz has been taken 171 times
  • The average score is 8 of 10

Answer Stats

Country% Correct
1United States
99%
2Brazil
94%
3Mexico
94%
4Russia
89%
8China
76%
6Nigeria
76%
10Italy
71%
5Philippines
70%
7Democratic Republic of the Congo
66%
9Ethiopia
55%

Score Distribution

Percentile by Number Answered

Percent of People with Each Score

Your Score History

You have not taken this quiz